000 01099cad a22002535a 4500
001 L148487
008 090923e20090901xxk f lf000 0 eng d
035 _a(Sirsi) u148487
041 0 _aeng
050 0 4 _a711.1 $2 18
110 2 _aUnited Kingdom
_kLaws, etc.
_95044
245 0 4 _aThe Town and Country Planning (General Development Procedure) (Amendment No. 3) (England) Order 2009
_h[electronic resource]
260 _aLondon
_bOPSI
_c2009
490 0 _aSI
_v(2261) 2009
520 _aAmends the Town and Country Planning (General Development) Procedure Order 1995 which sets out the procedure for matters including planning applications. Applies to England only.
520 _aComes into force on 1st October 2009.
521 _aAdvanced
590 _aKA
650 2 4 _aTHE TOWN AND COUNTRY PLANNING (GENERAL DEVELOPMENT PROCEDURE) (AMENDMENT NO. 3) (ENGLAND) ORDER 2009
651 4 _aEngland
_y886-
690 _aPlanning and development
_96259
856 4 0 _uhttps://www.opsi.gov.uk/si/si2009/uksi_20092261_en_1
_zView the item free of charge online at www.opsi.gov.uk...
942 _n0
999 _c110062
_d110062